Hauptstädte am Nächsten zu Wien - 30 Sekund Sprint - Statistiken

Allgemein
  • Dieses Quiz wurde 83 mal gespielt
  • Das Durchschnittsergebnis liegt bei 9 aus 20
Antwortstatistiken
km Hauptstadt % Korrekt
251 Prag
89%
524 Berlin
86%
56 Bratislava
83%
684 Bern
80%
215 Budapest
80%
766 Rom
70%
268 Zagreb
61%
527 Vaduz
58%
278 Ljubljana
55%
557 Warschau
53%
564 San Marino
31%
490 Belgrad
25%
766 Vatikanstadt
25%
509 Sarajevo
23%
820 Sofia
11%
764 Luxemburg
9%
722 Priština
9%
813 Tirana
9%
681 Podgorica
3%
797 Skopje
3%
Keine übereinstimmenden Quizze gefunden
Verteilung der Resultate
Anzahl Personen mit jedem Resultat
Perzentil nach korrekt beantworteten Fragen
Ihre Resultats-Entwicklung
Sie haben dieses Quiz noch nicht gespielt